| 000 | 00402nam a2200169Ia 4500 | ||
|---|---|---|---|
| 008 | 170705s9999 xx 000 0 und d | ||
| 020 | _a9780545041805 | ||
| 245 | _aDon't let the pigeon stay up late! / | ||
| 245 | _cMo Willems. | ||
| 260 | _aNew York : | ||
| 260 | _bScholastic, | ||
| 260 | _c2006 | ||
| 300 | _aunpaged : | ||
| 300 | _bcolor illustration ; | ||
| 300 | _c23cm. | ||
| 500 | _a120 | ||
| 999 |
_c335367 _d335367 |
||